Most Goals in Premier League History - Statistics

General Stats
  • This quiz has been taken 37 times
  • The average score is 35 of 50
Answer Stats
Goals Club Nationality Answer % Correct
166 Tottenham Hotspur English Harry Kane
100%
260 Newcastle United English Alan Shearer
97%
97 Liverpool Egyptian Mohamed Salah
97%
109 Manchester United Welsh Ryan Giggs
97%
184 Manchester City Argentinian Sergio Agüero
97%
175 Arsenal French Thierry Henry
94%
208 Manchester United English Wayne Rooney
94%
104 Chelsea Ivorian Didier Drogba
91%
113 Everton Belgian Romelu Lukaku
91%
120 Liverpool English Steven Gerrard
91%
177 Chelsea English Frank Lampard
88%
95 Liverpool Senegalese Sadio Mane
88%
84 Manchester United Portuguese Cristiano Ronaldo
85%
150 Liverpool English Michael Owen
85%
187 Manchester United English Andy Cole
82%
94 Manchester United Bulgarian Dimitar Berbatov
82%
85 Liverpool Spanish Fernando Torres
82%
118 Leicester City English Jamie Vardy
82%
108 Stoke City English Peter Crouch
82%
144 Arsenal Dutch Robin van Persie
82%
126 Tottenham Hotspur Irish Robbie Keane
79%
123 Aston Villa Trinidadian Dwight Yorke
76%
95 Manchester United Dutch Ruud van Nistelrooy
76%
87 Arsenal Dutch Dennis Bergkamp
74%
163 Liverpool English Robbie Fowler
74%
125 Chelsea French Nicholas Anelka
71%
107 Manchester United English Paul Scholes
71%
146 Tottenham Hotspur English Teddy Sheringham
71%
85 Chelsea Belgium Eden Hazard
68%
127 Chelsea Dutch Jimmy Floyd Hasselbaink
68%
91 Manchester United Norwegian Ole Gunnar Solskjaer
68%
149 Queens Park Rangers English Les Ferdinand
65%
100 Southampton English Matt Le Tissier
65%
96 Manchester City English Raheem Sterling
62%
97 Arsenal Togolese Emmanuel Adebayor
59%
162 Tottenham Hotspur English Jermaine Defoe
59%
84 Manchester City Argentinian Carlos Tevez
56%
111 Coventry City English Dion Dublin
56%
113 Arsenal English Ian Wright
53%
92 Sunderland English Kevin Phillips
53%
92 Leeds United Australian Mark Viduka
53%
83 Blackburn English Chris Sutton
47%
106 Charlton English Darren Bent
44%
90 Arsenal French Olivier Giroud
38%
110 Liverpool English Emile Heskey
35%
88 Bolton English Kevin Davies
35%
85 Fulham French Louis Saha
35%
95 Everton Nigerian Yakubu
35%
91 Southampton English James Beattie
15%
83 Everton English Kevin Campbell
12%
No matching quizzes found
Score Distribution
Percent of People with Each Score
Percentile by Number Answered
Your Score History
You have not taken this quiz